LEADER 00977nam a2200253 i 4500 001 000000104148 003 CaOOAMICUS 005 20011114000000.0 008 011114s1973 it u000 u ita u 013 $a76335 040 $aSeMil$bita 100 1 $aCaron, Raymond.$0(OLS)http://semarc/name/92778 240 10$aCuré d'Indiens.$0(OLS)http://semarc/title/407065 245 13$aIl domenicano degli indios /$cdi père Caron. 260 $aMilano :$bMondadori,$c1973. 300 $a320 p. :$bc. geogr. ;$c20 cm. 490 0 $aPresadiretta ;$v47 650 4$aDiari e memorie.$0(OLS)http://semarc/subject/12810 830 0$aPresadiretta ;$v47.$0(OLS)http://semarc/title/6841 850 $aSeMil 852 $aSeMil$W1$xVenegono$y1$m3E II 367$j60561$B60561$CSeMilBibl$Z2$F45125 $81 961 $aRecupero: Seminario di Seveso 996 $6245$aIl domenicano degli indios$9(OLS)http://semarc/title/151057 996 $6260$aMilano :$bMondadori$9(OLS)http://semarc/publisher/30335 LEADER 01227nam a2200301 i 4500 001 000000119550 003 CaOOAMICUS 005 20091123000000.0 008 091123s1994 it u000 u ita u 013 $a92244 020 $a88-10-50167-5 040 $aSeMil$bita 100 1 $aTomei, Fernando.$0(OLS)http://semarc/name/49839 245 10$aParrocchie senza parroco liturgie senza prete :$blettere dal futuro /$cFernando Tomei. 260 $aBologna :$bEDB,$c1994. 300 $a123 p. ;$c19 cm. 490 0 $aCammini di Chiesa ;$v16 500 $aFondo Card. C.M. Martini. 650 4$aParrocchia senza sacerdote.$0(OLS)http://semarc/subject/22400 650 4$aLiturgia senza prete.$0(OLS)http://semarc/subject/22401 830 0$aCammini di Chiesa ;$v16.$0(OLS)http://semarc/title/9951 850 $aSeMil 852 $aSeMil$W1$xVenegono$y1$m2F I 241$j74757$B74757$CSeMilBibl$Z2$F92528 $81 941 1 $a4 961 $aOmaggio: Martini Card. Carlo Maria 996 $6020$a88-10-50167-5$9(OLS)http://semarc/number/104456 996 $6245$aParrocchie senza parroco liturgie senza prete :$blettere dal futuro$9(OLS)http://semarc/title/175716 996 $6260$aBologna :$bEDB$9(OLS)http://semarc/publisher/29669